| 000 | 01253cab a2200205 4500 | ||
|---|---|---|---|
| 001 | L136162 | ||
| 008 | 070115n2006 000 0 eng u | ||
| 035 | _a(Sirsi) u136162 | ||
| 041 | 0 | _aeng | |
| 050 | 0 | 4 | _a711.3 $2 18 |
| 110 | 1 |
_aUnited Kingdom _bParliament _bHouse of Commons _92119 |
|
| 245 | 0 | 0 |
_aLocal Planning Authorities (Energy and Energy Efficiency) Bill 2006-07 _h[electronic resource] |
| 260 |
_aLondon _bUK Parliament _c2006 |
||
| 520 | _aAims to enable local planning authorities to make certain requirements regarding the generation, conservation and use of energy; to require local planning authorities to consider specifying requirements for the generation of renewable and low carbon energy and the imposition of energy efficiency standards when determining planning applications; and for connected purposes. | ||
| 650 | 2 | 4 | _aLOCAL PLANNING AUTHORITIES (ENERGY AND ENERGY EFFICIENCY) BILL 2006 |
| 651 | 4 |
_aEngland and Wales _y1543- |
|
| 690 | _aENVIRONMENTAL AND LAND CONSULTANCY-ENERGY-ENERGY USE-ENERGY EFFICIENCY | ||
| 856 | 4 | 0 |
_uhttps://www.publications.parliament.uk/pa/pabills/200607/local_planning_authorities_energy_and_energy_efficiency.htm _zView the Bill free of charge at www.publications.parliament.uk... |
| 942 | _n0 | ||
| 999 |
_c78161 _d78161 |
||